Quiz pays #1 - Statistiques

Statistiques générales
  • Ce quiz a été pris 161 fois
  • Le résultat moyen est 66 sur 80
Statistiques - réponses
Question Tuile Select % Correct
Les pays qui ont plus de 50 millions d'habitants Fidji Non
99%
Les pays qui ont plus de 50 millions d'habitants Costa Rica Non
98%
Les pays qui sont en partie ou totalement au sud de l'Équateur Hongrie Non
97%
Les pays qui ont plus de 50 millions d'habitants Suisse Non
97%
Les pays qui sont en partie ou totalement au sud de l'Équateur Suisse Non
97%
Pays qui ont l'anglais dans leurs langues officielles Algérie Non
96%
Pays qui ont l'anglais dans leurs langues officielles Mongolie Non
96%
Les pays qui sont en partie ou totalement au sud de l'Équateur Norvège Non
96%
Les pays qui sont en partie ou totalement au sud de l'Équateur Canada Non
95%
Les pays qui ont plus de 50 millions d'habitants Hongrie Non
95%
Pays qui ont l'anglais dans leurs langues officielles Hongrie Non
95%
Pays qui ont l'anglais dans leurs langues officielles Iran Non
95%
Les pays qui ont plus de 50 millions d'habitants Norvège Non
95%
Pays qui ont l'anglais dans leurs langues officielles Russie Non
95%
Pays qui ont l'anglais dans leurs langues officielles Chili Non
94%
Pays qui ont l'anglais dans leurs langues officielles Costa Rica Non
94%
Les pays dont l'équipe de football a déjà participé à la Coupe du Monde masculine Fidji Non
94%
Les pays dont la capitale commence par une voyelle Hongrie Non
94%
Les pays qui ont plus de 50 millions d'habitants Inde Oui
94%
Pays qui ont l'anglais dans leurs langues officielles Mexique Non
94%
Les pays qui sont en partie ou totalement au sud de l'Équateur Mongolie Non
94%
Les pays dont l'équipe de football a déjà participé à la Coupe du Monde masculine Mongolie Non
94%
Les pays qui ont plus de 50 millions d'habitants Nouvelle-Zélande Non
94%
Les pays qui ont plus de 50 millions d'habitants Russie Oui
94%
Les pays qui sont en partie ou totalement au sud de l'Équateur Russie Non
94%
Les pays dont la capitale commence par une voyelle Russie Non
94%
Les pays dont la capitale commence par une voyelle Suisse Non
94%
Les pays dont la capitale commence par une voyelle Mexique Non
93%
Les pays dont la capitale commence par une voyelle Chili Non
92%
Les pays dont la capitale commence par une voyelle Inde Non
92%
Les pays qui ont plus de 50 millions d'habitants Mexique Oui
92%
Les pays dont la capitale commence par une voyelle Thailande Non
92%
Les pays qui ont plus de 50 millions d'habitants Mongolie Non
91%
Pays qui ont l'anglais dans leurs langues officielles Norvège Non
91%
Pays qui ont l'anglais dans leurs langues officielles Thailande Non
91%
Les pays dont la capitale commence par une voyelle Costa Rica Non
90%
Les pays dont la capitale commence par une voyelle Iran Non
90%
Les pays qui sont en partie ou totalement au sud de l'Équateur Mexique Non
90%
Les pays qui sont en partie ou totalement au sud de l'Équateur Algérie Non
89%
Pays qui ont l'anglais dans leurs langues officielles Suisse Non
89%
Les pays qui sont en partie ou totalement au sud de l'Équateur Iran Non
88%
Les pays dont l'équipe de football a déjà participé à la Coupe du Monde masculine Thailande Non
88%
Les pays qui ont plus de 50 millions d'habitants Chili Non
86%
Les pays qui sont en partie ou totalement au sud de l'Équateur Costa Rica Non
86%
Les pays dont l'équipe de football a déjà participé à la Coupe du Monde masculine Inde Non
86%
Les pays dont la capitale commence par une voyelle Nouvelle-Zélande Non
86%
Les pays dont la capitale commence par une voyelle Angola Non
83%
Pays qui ont l'anglais dans leurs langues officielles Canada Oui
83%
Les pays dont l'équipe de football a déjà participé à la Coupe du Monde masculine Mexique Oui
83%
Les pays dont la capitale commence par une voyelle Algérie Oui
82%
Les pays dont la capitale commence par une voyelle Fidji Non
82%
Pays qui ont l'anglais dans leurs langues officielles Angola Non
81%
Les pays qui sont en partie ou totalement au sud de l'Équateur Nouvelle-Zélande Oui
81%
Pays qui ont l'anglais dans leurs langues officielles Nouvelle-Zélande Oui
81%
Les pays dont l'équipe de football a déjà participé à la Coupe du Monde masculine Russie Oui
81%
Les pays qui sont en partie ou totalement au sud de l'Équateur Chili Oui
79%
Les pays dont l'équipe de football a déjà participé à la Coupe du Monde masculine Algérie Oui
78%
Les pays dont la capitale commence par une voyelle Norvège Oui
78%
Les pays qui sont en partie ou totalement au sud de l'Équateur Fidji Oui
77%
Les pays qui ont plus de 50 millions d'habitants Thailande Oui
76%
Les pays qui sont en partie ou totalement au sud de l'Équateur Angola Oui
75%
Les pays qui ont plus de 50 millions d'habitants Iran Oui
74%
Les pays dont l'équipe de football a déjà participé à la Coupe du Monde masculine Chili Oui
73%
Les pays qui ont plus de 50 millions d'habitants Angola Non
72%
Les pays dont la capitale commence par une voyelle Canada Oui
72%
Les pays dont l'équipe de football a déjà participé à la Coupe du Monde masculine Suisse Oui
72%
Les pays qui sont en partie ou totalement au sud de l'Équateur Inde Non
65%
Les pays dont l'équipe de football a déjà participé à la Coupe du Monde masculine Costa Rica Oui
64%
Pays qui ont l'anglais dans leurs langues officielles Inde Oui
64%
Les pays qui ont plus de 50 millions d'habitants Algérie Non
63%
Les pays dont la capitale commence par une voyelle Mongolie Oui
63%
Les pays qui ont plus de 50 millions d'habitants Canada Non
59%
Les pays dont l'équipe de football a déjà participé à la Coupe du Monde masculine Iran Oui
55%
Les pays dont l'équipe de football a déjà participé à la Coupe du Monde masculine Norvège Oui
55%
Les pays dont l'équipe de football a déjà participé à la Coupe du Monde masculine Canada Oui
52%
Les pays qui sont en partie ou totalement au sud de l'Équateur Thailande Non
52%
Les pays dont l'équipe de football a déjà participé à la Coupe du Monde masculine Hongrie Oui
50%
Pays qui ont l'anglais dans leurs langues officielles Fidji Oui
47%
Les pays dont l'équipe de football a déjà participé à la Coupe du Monde masculine Nouvelle-Zélande Oui
37%
Les pays dont l'équipe de football a déjà participé à la Coupe du Monde masculine Angola Oui
21%
Aucun quiz correspondant
Distribution des résultats
% des personnes avec chaque résultat
Percentile par nombre de réponses
Votre historique - résultats
Vous n’avez pas pris ce quiz